Ďalšia zmena zákona o dani z príjmov

Komentár k jednotlivým novelizovaným častiam a ustanoveniam zákona č. 595/2003 Z.z. o dani z príjmov v znení neskorších predpisov. Účinnosť zákona nadobúda platnosť od 15. decembra 2005.

Salvato in:
Dettagli Bibliografici
Autore principale: Faiglová, Svetlana
Altri autori: Pohlod, Ján
Natura: Capitolo di libro
Lingua:slovacco
Soggetti:
Tags: Aggiungi Tag
Nessun Tag, puoi essere il primo ad aggiungerne!!

MARC

LEADER 00000naa$a2200000$$$4500
001 0036805
005 20231114090240.3
041 0 |a slo 
044 |a SK 
245 1 0 |a Ďalšia zmena zákona o dani z príjmov  |c Svetlana Faiglová, Ján Pohlod 
520 |a Komentár k jednotlivým novelizovaným častiam a ustanoveniam zákona č. 595/2003 Z.z. o dani z príjmov v znení neskorších predpisov. Účinnosť zákona nadobúda platnosť od 15. decembra 2005. 
610 2 0 |a dane z príjmov 
610 2 0 |a zákony 
610 2 0 |a novelizácia 
610 2 0 |a komentáre 
610 2 0 |a Slovensko 
610 2 0 |a 2003-2005 
100 1 |a Faiglová, Svetlana 
700 1 |a Pohlod, Ján